[Event "Steinfurt Bezirksliga 0607"]
[Site "Germany"]
[Date "2006.12.02"]
[Round "4.5"]
[White "Roewekamp, Helmut"]
[Black "Strickmann, Uwe"]
[Result "1/2-1/2"]
[WhiteElo "1691"]
[BlackElo "1423"]
[PlyCount "108"]
[EventDate "2006.09.09"]
[EventType "team-tourn"]
[EventRounds "9"]
[EventCountry "GER"]
[SourceTitle "EXT 2008"]
[Source "ChessBase"]
[SourceDate "2007.11.25"]
[SourceVersion "1"]
[SourceVersionDate "2007.11.25"]
[SourceQuality "1"]
[WhiteTeam "Reckenfeld"]
[BlackTeam "Nordwalde II"]
[WhiteTeamCountry "GER"]
[BlackTeamCountry "GER"]

1. e4 e5 2. Nf3 Nc6 3. Bc4 Bc5 4. 0-0 d6 5. c3 Bg4 6. h3 Bh5 7. d3 a6 8. Bb3 Nf6 9. Bg5 0-0 10. Nbd2 b5 11. Bc2 a5 12. a3 b4 13. Be3 Bxe3 14. fxe3 bxc3 15. bxc3 Ne7 16. d4 exd4 17. exd4 c6 18. Qc1 Bg6 19. Re1 Re8 20. Ba4 Rf8 21. c4 d5 22. cxd5 cxd5 23. e5 Ne4 24. Nf1 Qb6 25. Rb1 Qa7 26. Rb3 Rac8 27. Qb2 Rc4 28. Bb5 Rc7 29. Rc1 Rxc1 30. Qxc1 Rc8 31. Qb2 h6 32. Ne3 Rd8 33. Ba4 Nf5 34. Nxf5 Bxf5 35. Rb7 Qa6 36. Qb5 Qxb5 37. Rxb5 Nc3 38. Rxa5 Nxa4 39. Rxa4 Bc2 40. Ra5 Bb3 41. Kf2 Rc8 42. Nd2 Rc2 43. Ke3 Rc3+ 44. Ke2 Ba2 45. a4 Rg3 46. Kf2 Rd3 47. Nf3 Ra3 48. Ra8+ Kh7 49. a5 Bc4 50. Ra7 Kg8 51. Nd2 Ra2 52. Ke3 Ra3+ 53. Kf2 Ra2 54. Ke1 Ra1+ 1/2-1/2

[Event "Steinfurt Bezirksliga 0607"]
[Site "Germany"]
[Date "2006.09.09"]
[Round "1.6"]
[White "Schulte, Ralf"]
[Black "Strickmann, Uwe"]
[Result "1-0"]
[WhiteElo "1770"]
[BlackElo "1423"]
[PlyCount "52"]
[EventDate "2006.09.09"]
[EventType "team-tourn"]
[EventRounds "9"]
[EventCountry "GER"]
[SourceTitle "EXT 2008"]
[Source "ChessBase"]
[SourceDate "2007.11.25"]
[SourceVersion "1"]
[SourceVersionDate "2007.11.25"]
[SourceQuality "1"]
[WhiteTeam "Emsdetten Rochade"]
[BlackTeam "Nordwalde II"]
[WhiteTeamCountry "GER"]
[BlackTeamCountry "GER"]

1. d4 d5 2. Nf3 Bg4 3. Ne5 Bf5 4. c4 dxc4 5. Nc3 Nf6 6. e3 Nbd7 7. Nxd7 Qxd7 8. Bxc4 c6 9. 0-0 e6 10. Re1 Bd6 11. e4 Bxh2+ 12. Kxh2 Ng4+ 13. Kg1 Qc7 14. g3 Nxf2 15. Kxf2 Bg6 16. Bf4 Qa5 17. Qb3 Qd8 18. d5 0-0 19. dxe6 Qd4+ 20. Kg2 Rae8 21. Rad1 Qf6 22. Bd6 Bh5 23. Rf1 Bxd1 24. Qxd1 Qd8 25. Bxf8 fxe6 26. Qxd8 Rxd8 1-0

[Event "Steinfurt Bezirksliga 0405"]
[Site "Germany"]
[Date "2005.01.15"]
[Round "5.6"]
[White "Strickmann, Uwe"]
[Black "Welzel, Wilhelm"]
[Result "0-1"]
[WhiteElo "1467"]
[BlackElo "1664"]
[PlyCount "103"]
[EventDate "2004.09.25"]
[EventType "team-tourn"]
[EventRounds "11"]
[EventCountry "GER"]
[SourceTitle "EXT 2006"]
[Source "ChessBase"]
[SourceDate "2005.11.24"]
[SourceVersion "1"]
[SourceVersionDate "2005.11.24"]
[SourceQuality "1"]
[WhiteTeam "Nordwalde II"]
[BlackTeam "Ibbenbueren II"]
[WhiteTeamCountry "GER"]
[BlackTeamCountry "GER"]

1. e4 c5 2. Nf3 d6 3. c3 Nc6 4. Bc4 Nf6 5. d3 a6 6. Bb3 e6 7. Bg5 Be7 8. 0-0 0-0 9. Re1 Qc7 10. Bf4 b5 11. d4 Nh5 12. Be3 Nf6 13. Bf4 Nh5 14. Bc1 Nf6 15. Bf4 c4 16. Bc2 e5 17. Bg5 Bg4 18. d5 Nd8 19. a4 Nb7 20. Nbd2 Rfe8 21. Qc1 Nc5 22. axb5 axb5 23. Nh4 h6 24. Bxf6 Bxf6 25. Ndf3 Qe7 26. h3 Bxh3 27. gxh3 Bxh4 28. Nxh4 Qxh4 29. Qe3 Kh7 30. Qf3 Qg5+ 31. Kh1 Qd2 32. Re2 Rxa1+ 33. Kg2 Qg5+ 34. Qg4 Nd3 35. Qxg5 hxg5 36. Bxd3 cxd3 37. Rd2 Ra2 38. Kf3 f5 39. exf5 e4+ 40. Kg4 e3 41. fxe3 Rxe3 42. Kxg5 Rxh3 43. f6 gxf6+ 44. Kxf6 Ra1 45. Kf7 Re1 46. Rf2 Re2 47. Rf1 d2 48. b3 Re1 49. Rf4 d1Q 50. c4 Qh5+ 51. Kf6 Qe5+ 52. Kf7 0-1